US State Capitals Closest to Los Angeles - Statistics

General Stats
  • This quiz has been taken 106 times
  • The average score is 9 of 10
Answer Stats
Distance (Miles) Answer % Correct
355.5 Phoenix
100%
363 Carson City
99%
830 Denver
97%
793.8 Salem
97%
669.8 Boise
96%
706 Santa Fe
96%
580.5 Salt Lake City
95%
881.4 Cheyenne
89%
361.1 Sacramento
89%
925.1 Helena
85%
No matching quizzes found
Score Distribution
Percent of People with Each Score
Percentile by Number Answered
Your Score History
You have not taken this quiz